00566nam a2200133Ia 4500008004100000100003600041245015600077245006200233260005300295260001400348300000800362650001500370856004700385170221s9999 xx 000 0 und d aMuhammad Nadhar, Amiruddin Tawe 4aThe Effect of Work Motivation and Entrepreneurship Orientation on Business Performance through Entrepreneurial Commitments of Coffee Shops in Makassar  cMuhammad Nadhar, Amiruddin Tawe, Dian Anggraece Parawansa bInternational Review of Management and Marketing cJune 2016 a8:1 xMarketing. uhttp://www.econjournals.com/index.php/irmm